000 01884cam a22004814i 4500
003 PE-LiUPU
005 20250731173305.0
008 150625s2004 sp rb 000 0 spa d
020 _a8428526915
035 _a(Sirsi) i9788428526913
040 _aPE-LiUPU
_bspa
_cPE-LiUPU
_erda
049 _aPRUA
082 0 4 _a241
_bA33
_221
100 1 _aAlarcos Martínez, Francisco José,
_eautor.
245 1 3 _aLa moral cristiana como propuesta /
_cFrancisco José Alarcos Martínez.
264 1 _aMadrid :
_bSan Pablo,
_c2004.
300 _a796 páginas ;
_c21 centímetros.
336 _atext
_2rdacontent
337 _aunmediated
_2rdamedia
338 _avolume
_2rdacarrier
490 0 _aMagister; 29
500 _aEn la portada: "Homenaje al profesor eduardo López Azpitarte S.J.".
504 _aIncluye referencias bibliográficas al pie de páginas.
505 0 _aLa obra de Eduardo López Azpitarte -- Cuestiones de moral fundamental -- En torno a la sexualidad -- Cuestiones de moral social -- Sobre Bioética -- Temas de ética filosófica -- Cuestiones vinculadas entre la moral y la pastoral.
526 _aSEG42
526 _aSEG41
526 _aSEG40
526 _aSEG39
526 _aP94
526 _aP87
526 _aP86
526 _aP85
526 _aP77
526 _aP76
526 _aP35
541 _g007-0017628;
650 0 4 _aÉtica cristiana.
_91047
942 _2ddc
_cBOOK
949 _a241 A33
_wDEWEY
_c1
_i55884
_d2016-11-7
_e2016-11-7
_lCCODEBUL1
_mBUL
_n2
_p17.00
_r0
_sY
_tBOOK
_u2015-6-25
_xTEOLOGIA
_zUNKNOWN
_0COMPRA
_o.STAFF. Colección General
994 _aC0
_bPEPRU
596 _a1
999 _a241 A33
_wDEWEY
_c44720
_i55884
_d44720
_e2016-11-7
_f2021-11-10
_g5
_lCCODEBUL1
_mBUL
_n2
_p17.00
_q1
_r0
_sY
_tBOOK
_u2015-6-25
_xTEOLOGIA
_zUNKNOWN
_0COMPRA
_o.STAFF. Colección Teología
980 _81
_gALBERTO SANCHEZ Responsable de Automatización